[Event "Koge Weekend Mester"]
[Site "Koge"]
[Date "2019.05.03"]
[Round "1"]
[White "Larsen, Niels Georg"]
[Black "Lundin, Jan"]
[Result "0-1"]
[WhiteElo "1991"]
[BlackElo "2325"]
[PlyCount "58"]
[EventDate "2019.05.03"]
[EventType "swiss"]
[EventRounds "5"]
[EventCountry "DEN"]
[SourceTitle "EXT 2020"]
[Source "ChessBase"]
[SourceDate "2019.10.17"]
[SourceVersion "1"]
[SourceVersionDate "2019.10.17"]
[SourceQuality "1"]

1. Nf3 d6 2. g3 f5 3. d4 Nf6 4. Bg2 g6 5. 0-0 Bg7 6. c3 c6 7. Nbd2 Na6 8. Re1 0-0 9. Nf1 Kh8 10. N3d2 e5 11. dxe5 dxe5 12. Nc4 e4 13. Bf4 Be6 14. Nfe3 Nd5 15. Nxd5 cxd5 16. Na3 d4 17. cxd4 Qxd4 18. Nc2 Qxb2 19. Rb1 Qxa2 20. Rxb7 Rfd8 21. Qc1 Rac8 22. Rxg7 Kxg7 23. Be5+ Kg8 24. Qh6 Rd7 25. Nd4 Qa5 26. Rc1 Rxc1+ 27. Qxc1 Qxe5 28. Qc8+ Kg7 29. Qxa6 Rxd4 0-1